000 00222nam a22000857a 4500
008 170601b xxu||||| |||| 00| 0 eng d
100 _93188
_aBhattacharjee. S
245 _aMonkeys come to village
260 _aNew Delhi
_bCBT
_c2003
999 _c6491
_d6491